The Silmarillion names quiz - Statistics

General Stats
  • This quiz has been taken 200 times
    198 since last reset
  • The average score is 8 of 14
Answer Stats
Hint Answer % Correct
Huan Great dog\hound
88%
Sauron The abhorred
84%
Glorfindel Golden-haired
72%
Feanor Spirit of fire
72%
Maeglin Sharp glance
63%
Elendil Elf-friend
62%
Gil-estel Star of hope
59%
Elbereth Star-queen
53%
Elrond Star-dome
51%
Elros Star-foam
49%
Earendil Lover of the sea
42%
Melkor He who arises in might
37%
Gil-galad Star of radiance
35%
Elwing Star-spray
28%
No matching quizzes found
Score Distribution
Percent of People with Each Score
Percentile by Number Answered
Your Score History
You have not taken this quiz since the last reset